000 00794nam a22002411cc4500
001 a987694409+Band29
003 RU-10907106
005 20221118094106.0
008 200716s1986 gw a||| 000u ger d
020 _a3525563841
_93-525-56384-1
035 _aa987694409
040 _cRU-10907106
_aRU-10907106
_bger
245 0 0 _aKirche im Osten
_nBand 29
_pBand 29/1986
246 1 2 _aKirche im Osten : Studien zur osteuropäischen Kirchengeschichte und Kirchenkunde. Band 29/1986
_nBand 29
264 _aGöttingen :
_bVanderboeck & Ruprecht,
_c1986
300 _a242 Seiten : Illustrationen, Karten
650 _aKirche
_93841
650 _aOrthodoxie
_92832
651 _aOsteuropa
700 _4HerausgeberIn
_aHauptmann, Peter
_917091
773 0 8 _wa987694409
_qBand29
942 _cMG
_2z
999 _c31206
_d31206